Latham two: review of the act (Record no. 117547)

MARC details
000 -LEADER
fixed length control field 01580cam a2200253 4500
001 - CONTROL NUMBER
control field ABS67917
008 - FIXED-LENGTH DATA ELEMENTS--GENERAL INFORMATION
fixed length control field 040618n2004 000 0 eng u
035 ## - SYSTEM CONTROL NUMBER
System control number (Sirsi) u126514
100 ## - MAIN ENTRY--PERSONAL NAME
Personal name McKenzie, A.
245 ## - TITLE STATEMENT
Title Latham two: review of the act
260 ## - PUBLICATION, DISTRIBUTION, ETC.
Date of publication, distribution, etc. 2004
490 ## - SERIES STATEMENT
Series statement Construction Law Bulletin
Volume/sequential designation May 2004, 5-8(4)
520 ## - SUMMARY, ETC.
Summary, etc. Looks at the proposed review of the Housing Grants, Construction and Regeneration Act 1996. The consultation paper is due to be published in October 2004, with responses in by December 2004. Detailed mechanisms for implementation will then be prepared and handed over to the government for application by the end of March 2005. The review will look: at the meaning of the term construction contract; the meaning of construction operations; the application to residential occupiersagreement in writing; meaning of dispute; the mandatory scheme; and fees and costs. In contrast to the adjudication part of the review, the consultation on payment will look at pay when paid arrangements and payment notices. Concludes the review will not be a fundamental one, but more likely a fine tuning of the Act and the Scheme for Construction Contracts in certain areas to improve its effectiveness.
590 ## - LOCAL NOTE (RLIN)
Local note ABS
590 ## - LOCAL NOTE (RLIN)
Local note ABS
650 ## - SUBJECT ADDED ENTRY--TOPICAL TERM
Topical term or geographic name entry element HOUSING GRANTS, CONSTRUCTION AND REGENERATION ACT 1996
650 ## - SUBJECT ADDED ENTRY--TOPICAL TERM
Topical term or geographic name entry element LATHAM REFORMS
650 ## - SUBJECT ADDED ENTRY--TOPICAL TERM
Topical term or geographic name entry element CONSULTATION PAPERS
650 ## - SUBJECT ADDED ENTRY--TOPICAL TERM
Topical term or geographic name entry element PAY WHEN PAID CLAUSES
650 ## - SUBJECT ADDED ENTRY--TOPICAL TERM
Topical term or geographic name entry element PAYMENT NOTICES
650 ## - SUBJECT ADDED ENTRY--TOPICAL TERM
Topical term or geographic name entry element SCHEME FOR CONSTRUCTION CONTRACTS
690 ## - LOCAL SUBJECT ADDED ENTRY--TOPICAL TERM (OCLC, RLIN)
Topical term or geographic name as entry element DISPUTE RESOLUTION
9 (RLIN) 6236
942 ## - ADDED ENTRY ELEMENTS (KOHA)
Suppress in OPAC 0
Holdings
Withdrawn status Lost status Source of classification or shelving scheme Damaged status Not for loan Home library Current library Shelving location Date acquired Total Checkouts Full call number Barcode Date last seen Copy number Price effective from Koha item type
    Dewey Decimal Classification     London London Journal article 18/06/2004   ABS67917 126514-1001 06/08/2019 1 06/08/2019 Journal article